000
00499nam a2200145Ia 4500
008
100204s9999 xx 000 0 und d
082
_b
2412
100
_a
हसमनीस द. का.
245
_a
देवांच्या अक्षता
260
_b
"रंजना प्रकाशन , मुंबई"
_c
1973
300
_a
186
630
_a
देवांच्या अक्षता
730
_a
देवांच्या अक्षता
942
_c
BOOK
999
_c
447500
_d
447497